000
00344 a2200121 4500
001
ART_6957
005
20260410161659.0
008
260409a
245
1
0
_a
La Paradoja de Feldstein-Horioka
100
1
_a
Bebczuk, Ricardo
700
1
_a
Schmidt-Hebbel, Klaus
773
0
_t
Ensayos Económicos
_g
- Nº 46 (ene. 2007)
_w
REV620
999
_c
15021
_d
15021